Выбор критерия для обоснования мероприятий по охране воздушного бассейна при открытой разработке месторождений полезных ископаемых; Безопасность жизнедеятельности; № 8

Detalles Bibliográficos
Parent link:Безопасность жизнедеятельности: научно-практический и учебно-методический журнал.— , 2001-
№ 8.— 2003.— С. 13-15
Autor Principal: Гендлер С. Г.
Outros autores: Кузнецов В. С.
Idioma:ruso
Publicado: 2003
Series:Промышленная безопасность
Subjects:
Formato: Capítulo de libro
KOHA link:https://koha.lib.tpu.ru/cgi-bin/koha/opac-detail.pl?biblionumber=388038

MARC

LEADER 00000naa2a2200000 4500
001 388038
005 20231101063704.0
035 |a (RuTPU)RU\TPU\prd\18659 
090 |a 388038 
100 |a 20031020a2003 k y0rusy50 ca 
101 0 |a rus 
102 |a RU 
200 1 |a Выбор критерия для обоснования мероприятий по охране воздушного бассейна при открытой разработке месторождений полезных ископаемых  |f С. Г. Гендлер, В. С. Кузнецов 
225 1 |a Промышленная безопасность 
320 |a Библиогр.: 5 назв. 
461 1 |0 (RuTPU)RU\TPU\prd\1137  |t Безопасность жизнедеятельности  |o научно-практический и учебно-методический журнал  |d 2001- 
463 1 |0 (RuTPU)RU\TPU\prd\18174  |t № 8  |v С. 13-15  |d 2003 
610 1 |a мероприятия 
610 1 |a воздушный бассейн 
610 1 |a открытые разработки 
610 1 |a месторождения 
610 1 |a аэротехногенные нагрузки 
610 1 |a промышленная безопасность 
610 1 |a полезные ископаемые 
610 1 |a окружающая среда 
675 |a 622.8  |v 3 
700 1 |a Гендлер  |b С. Г. 
701 1 |a Кузнецов  |b В. С. 
801 1 |a RU  |b 63413507  |c 20031020  |g PSBO 
942 |c BK